000 00298 a2200121 4500
245 _aTraité de médecine : maladies des glandes endocrines
100 _aLemierre, A
700 _aLenormant, Ch.
260 _c1948
300 _a119 p.
999 _c16730
_d16730